• 首页
  • 本馆介绍
  • 公告通知
  • 最新文献
  • 馆藏检索
  • 电子资源
  • 读者导购
  • 参考咨询
  • 我的图书馆
  • 登录
  • 详细信息显示
  • 放入我的书架
  • 预约/预借图书
  • 作者相关作品
  • 分类相关作品
  • 丛书相关作品
  • 出版社相关作品

书目信息

  • 表格格式
  • 工作单格式
  • 卡片格式
题名:
化学
    
 
作者: 钟桦 编
分册:  
出版信息: 北京   化学工业出版社  1982.03
页数: 323页
开本: 19cm
丛书名:
单 册:
中图分类: G633.8
科图分类:
主题词: 教育--各级
电子资源:
ISBN:
000 00569nam0 2200205 45
001 0303131013
005 20060925105531.84
010    @dCNY0.85
091    @a7063.3383
100    @a20030313d1982 km y0chiy0120 ea
101 0  @achi
200 1  @a化学@AHua Xue@f钟桦等编@FZhong Hua Deng Bian
210    @a北京@c化学工业出版社@d1982.03
215    @a323页@d19cm
300    @a一九七八年~一九八一年全国部分省市初中升学试题及解答汇编
606 0  @a教育@x各级
690    @aG633.8@v3
701  0 @a钟桦@4编
801    @aCN@bTSTC@c20060925
905    @dG633.8@e1@f1@b59948@f1@b59951
    
    化学/钟桦等编.-北京:化学工业出版社,1982.03
    323页;19cm
    一九七八年~一九八一年全国部分省市初中升学试题及解答汇编
    
    ISBN :CNY0.85
    
●
相关链接 在E读中查询图书 在五车中查询图书 在当当中查询图书 在豆瓣中查询图书


正题名:化学     索取号:G633.8/1         预约/预借

序号 登录号 条形码 馆藏地/架位号 状态 备注
1 0059948   000612368   密集书库/ [索取号:G633.8/1] 在馆    
2 0059949   001760767   密集书库/ [索取号:G633.8/1] 在馆    
3 0059950   001761203   密集书库/ [索取号:G633.8/1] 在馆    
4 0059951   000467211   密集书库/ [索取号:G633.8/1] 在馆    
5 0059952   002066917   第一样本阅览室/ [索取号:G633.8/1] 在馆    
6 0422612   204226122   密集书库/ [索取号:G633.8/1] 在馆    
7 0422613   204226131   密集书库/ [索取号:G633.8/1] 在馆    
8 0464857   204648578   密集书库/ [索取号:G633.8/1] 在馆    
唐山师范学院图书馆 欢迎您!
大连网信软件有限公司© 版权所有